Εφαρμογή έρευνα ποιότητας στη Μύκονο : διπλωματικη εργασία
Αποθηκεύτηκε σε:
| Κύριος συγγραφέας: | |
|---|---|
| Συγγραφή απο Οργανισμό/Αρχή: | |
| Άλλοι συγγραφείς: | |
| Μορφή: | Thesis Βιβλίο |
| Γλώσσα: | Greek |
| Δημοσίευση: |
2004
|
| Θέματα: | |
| Διαθέσιμο Online: | http://hdl.handle.net/11610/11454 |
| Ετικέτες: |
Προσθήκη ετικέτας
Δεν υπάρχουν, Καταχωρήστε ετικέτα πρώτοι!
|
MARC
| LEADER | 00000cam a2200000 i 4500 | ||
|---|---|---|---|
| 001 | 1/80276 | ||
| 008 | 050708s2004 gre d | ||
| 035 | |l 10078984 | ||
| 040 | |a GR-MY-UA |b gre |e aacr | ||
| 041 | 0 | |a gre | |
| 082 | 0 | |a 338.47910949585 |2 (22) | |
| 100 | 1 | |a Κρέτσης, Εμμανουήλ. | |
| 245 | 1 | 0 | |a Εφαρμογή έρευνα ποιότητας στη Μύκονο : |b διπλωματικη εργασία / |c Κρέτσης Εμμανουήλ ; επιβλέπων Σπιλάνης Ιωάννης |
| 260 | |c 2004 | ||
| 300 | |a 113 σ.; |b διαγρ., πίν.; |c 30 εκ. | ||
| 502 | # | # | |a Διατριβή (μεταπτυχιακή) – Πανεπιστήμιο Αιγαίου, Χίος, 2004. |
| 504 | |a Περιλαμβάνει βιβλιογραφία | ||
| 610 | 2 | 0 | |a Πανεπιστήμιο Αιγαίου. |
| 650 | 0 | 0 | |a Tourism |z Greece |z Mykonos Island. |
| 650 | 0 | 0 | |a Dissertations, Academic |z Greece. |
| 700 | 1 | |a Σπιλάνης, Γιάννης. |4 ths | |
| 710 | 2 | |a Πανεπιστήμιο Αιγαίου |b Σχολή Επιστημών της Διοίκησης |b Τμήμα Διοίκησης Επιχειρήσεων |b Πρόγραμμα Μεταπτυχιακών Σπουδών "Σχεδιασμός, Διοίκηση και Πολιτική του Τουρισμού". | |
| 852 | |a INST |b CHIOS |c DIATR |e 20050708 |h 338.47910949585 ΚΡΕ |p 005200024989 |q 005200024989 |t MTXE |y 23 | ||
| 852 | |a INST |b CHIOS |c DIATR |e 20050708 |h 338.47910949585 ΚΡΕ |p 005200024990 |q 005200024990 |t MTXE |y 23 | ||
| 856 | |u http://hdl.handle.net/11610/11454 | ||
| 901 | |a BIBL2-2005-2 | ||
| 909 | |a Χ |b 119490 | ||
| 909 | |a Χ |b 119491 | ||
| 924 | |a ΚΡΕΤΣΗΣ |b ΕΜΜΑΝΟΥΗΛ |y ΧΙΟΣ |z 2004-09 | ||
| 970 | |a ΒΑΣΙΛΑΚΗ |b ΝΙΚΗ |z 2005/07/08 | ||